|
|
|
|
| LEADER |
01883nam a2200445 a 4500 |
| 001 |
16341703 |
| 008 |
120315s2007 caua b 001 0 eng d |
| 010 |
|
|
|a 2010481601
|
| 020 |
|
|
|a 0123694655
|
| 020 |
|
|
|a 9780123694652
|
| 020 |
|
|
|a 9780123749420 (hbk.)
|
| 020 |
|
|
|a 0123749425 (hbk.)
|
| 040 |
|
|
|a VYF
|c VYF
|d UKM
|d BAKER
|d IXA
|d YDXCP
|d BTCTA
|d FNP
|d MUQ
|d NLGGC
|d OKU
|d DEBBG
|d GBVCP
|d DLC
|d BD-DhAAL
|
| 082 |
0 |
4 |
|a 006.60151257
|2 22
|
| 100 |
1 |
|
|a Dorst, Leo,
|d 1958-
|
| 245 |
1 |
0 |
|a Geometric algebra for computer science :
|b an object-oriented approach to geometry /
|c Leo Dorst, Daniel Fontijne, Stephen Mann.
|
| 260 |
|
|
|a Amsterdam :
|b Elsevier ;
|a San Francisco :
|b Morgan Kaufmann,
|c 2007.
|
| 300 |
|
|
|a xxxiv, 626 p. :
|b ill. (some col.) ;
|c 24 cm.
|
| 490 |
1 |
|
|a Morgan Kaufmann series in computer graphics
|
| 504 |
|
|
|a Includes bibliographical references (p. 609-612) and index.
|
| 650 |
|
0 |
|a Geometry, Algebraic.
|
| 650 |
|
0 |
|a Computer science
|x Mathematics.
|
| 650 |
|
0 |
|a Object-oriented methods (Computer science)
|
| 650 |
|
6 |
|a Géométrie algébrique.
|
| 650 |
|
6 |
|a Informatique
|x Mathématiques.
|
| 650 |
|
6 |
|a Approche orientée objet (Informatique)
|
| 650 |
1 |
7 |
|a Geometrische algebra
|2 gtt
|
| 650 |
0 |
7 |
|a Clifford-Algebra.
|2 swd
|
| 650 |
0 |
7 |
|a Computergraphik.
|2 swd
|
| 650 |
0 |
7 |
|a Geometrische Algebra.
|2 swd
|
| 650 |
0 |
7 |
|a Information.
|2 swd
|
| 650 |
0 |
7 |
|a Objektorientierte Programmierung.
|2 swd
|
| 655 |
|
7 |
|a Einführung.
|2 swd
|
| 541 |
1 |
|
|e 00024588
|
| 700 |
1 |
|
|a Fontijne, Daniel.
|
| 700 |
1 |
|
|a Mann, Stephen,
|d 1963-
|
| 830 |
|
0 |
|a Morgan Kaufman series in computer graphics and geometric modeling.
|
| 852 |
1 |
|
|a Ayesha Abed Library
|j General shelf
|
| 999 |
|
|
|c 11979
|d 11979
|
| 952 |
|
|
|0 0
|1 0
|4 0
|6 006_601512570000000_DOR
|7 0
|9 19690
|a BRACUL
|b BRACUL
|c GEN
|d 2012-03-14
|e Trim Education
|g 7500.00
|l 1
|o 006.60151257 DOR
|p 3010024588
|r 2016-01-17
|s 2016-01-14
|t 1
|w 2012-03-15
|y BK
|